000 00338 a2200157 4500
001 195418
020 _a85-86540-29-3
040 _cMagnum
100 _aTorres, Flávia
240 1 0 _aGotas de aventuras
_lpor
245 1 0 _aGotas de aventuras
300 _a80
362 0 _a2003
697 _aLITERATURA INFANTO-JUVENIL
942 _cBK
999 _c195418
_d195418